1881 1365 1987 1739 1931 1848 1811 1646 1933 1530 1630 1858 1804 1550 1816 1292 1283 1037 1817 1166 1292 1528 1828 1606 1879 1519 1470 1674 1668 1168 1086 1180 1118 1639 1995 1682 1819 1388 1384 1407 1130 1771 1302 1874 1669 1455 1504 1124 1853 1557 1569 1133 1449 1034 1516 1095 1367 1246 1311 1640 1163 1735 1730 1289 1624 1430 1085 1580 1084 1366 1056 1246 1328 1093 1614 1619 1829 1443 1213 1141 1579 1029 1134 1197 1224 1820 1024 1705 1559 1992 1531 1950 1964 1919 1124 1013 1630 1367 1652 BCNSPRNW ULIB Ver.6.0+V

เปลี่ยนเป็นภาษาไทย

Change to English
 แสดงรายละเอียดบรรณานุกรม
  กลับหน้าหลัก

Brief Record : Get Marc (ISO 2709) : E-mail record : QR code < ปิดหน้าต่าง
LEADER : 00000nam 2200000uu 4500
001    13399124404
003     ULIB
008    150619s2550||||th 000 0 tha d
099    นว.^bค285น
100 0  ^aคุโรยานางิ เท็ตสึโกะ
245 10 ^aนางสาวโต๊ะโตะ /^cคุโรยานางิ เท็ตสึโกะ
260    ^aกรุงเทพฯ :^bผีเสื้อ,^c2550
300    ^a440 หน้า :^bตาราง
650  7 ^aนางสาวโต๊ะโตะ
945    ^p0^l0^i022008
999    ^aเกษร โพธิ์สุวรรณ
รายการนี้ยังไม่มีแท็ก
คุณยังไม่ได้ล็อกอิน คุณสามารถมีกิจกรรมร่วมกับเว็บไซต์ได้ แต่ต้องล็อกอินก่อน ::
  ล็อกอิน

รายการสื่อสารสนเทศ

ลำดับที่ ประเภท เลขเรียก/บาร์โค้ด สถานที่ สถานะ
1. นวนิยาย
นวนิยาย
นว. ค285น ฉ.1 
  Barcode: 022008
ห้องสมุดวิทยาเขตนครสวรรค์
►นวนิยาย:l:Fiction
บนชั้น

BibComment


ยังไม่เคยถูกคอมเมนท์

คอมเมนท์ทรัพยากรรายการนี้
  คอมเมนท์: นางสาวโต๊ะโตะ ค..


 Copyright 2026. Bcnsprnw @Library